Yönetmelikler (Record no. 8937)

MARC details
000 -BAŞLIK
Sabit Uzunlukta Kontrol Alanı 01624na a2200421 4500
001 - KONTROL NUMARASI
Denetim Alanı 20312
003 - KONTROL NUMARASI IDENTIFIER
Denetim Alanı MIRAKIL
005 - SON İŞLEM TARİHİ VE ZAMANI
Denetim Alanı 20181213155228.0
008 - SABİT-BOY VERİ ELEMANLARI - GENEL BİLGİLER
Sabit Uzunlukta Kontrol Alanı 170117b tu 000 0
035 ## - SİSTEM KONTROL NUMARASI
Sistem Kontrol Numarası 20312
040 ## - KATALOGLAMA KAYNAK
Orijinal Kataloglama Ajansı Milas
Kataloglama Dili tur
Metne Dönüştürmek Ajansı TR-AnCHP
041 ## - DİL KODU
Metin / Ses Parça Veya Ayrı Başlığın Dil Kodu tur
082 ## - DEWEY ONLU SINIFLANDIRMA NUMARASI
Sınıflandırma Numarası CHP 324.2372026
Ürün Numarası C36y 1993
090 ## - SINIFLAMA NUMARASI
Sınıflama Numarası CHP 324.2372026 C36y 1993
110 ## - ANA GİRİŞ - KURUMSAL ADI
Giriş Elemanı Olarak Kurumsal Ad Veya Yargı Alanı Adı Cumhuriyet Halk Partisi (CHP)
222 ## - ANAHTAR ADI
Anahtar Başlık Yönetmelikler
245 ## - BAŞLIK TABLOSU
Başlık Yönetmelikler
Başlığın Kalan [1993]
Sorumluluk Tablosu, Vb CHP
246 ## - UNVAN FORM VARYING
Başlık Doğru / Kısa Başlığı CHP 1993 yönetmelikleri
246 ## - UNVAN FORM VARYING
Başlık Doğru / Kısa Başlığı Cumhuriyet Halk Partisi yönetmelik
246 ## - UNVAN FORM VARYING
Başlık Doğru / Kısa Başlığı CHP 1993 yönetmeliği
246 ## - UNVAN FORM VARYING
Başlık Doğru / Kısa Başlığı CHP yönetmeliği
260 ## - YAYIN, DAĞITIM, VB
Yayın, Dağıtım, Vb Yeri Ankara
Yayıncı, Dağıtıcı, Vs Adı CHP
Yayın, Dağıtım, Vb Tarihi 1993
300 ## - FİZİKSEL TANIM
Kapsam 14, 9 s.
Boyutlar 21 sm.
440 ## - SERİSİ TABLOSU / KATMA GİRİŞİ - BAŞLIK
Başlık Cumhuriyet Halk Partisi yayınları
Bir İşin Parçası / Bölümün İsmi Yönetmelikler
500 ## - GENEL NOT
Genel Not Dış kapakta başka yapıt adı: CHP : Değişimin gücü
505 ## - BİÇİMLENDİRİLDİ İÇİNDEKİLER NOT
Biçimlendirilmiş İçeriği Dikkat 1. İl ve İlçe Kongreleri ile Sandık Çevresi Sorumlusu ve İlçe Kongresi Üyeleri Seçimi Yönetmeliği -- 2. Yerel Seçimler Aday Saptama Yönetmeliği
610 ## - KONU KATMA GİRİŞ - TOPLANTI ADI
Giriş Elemanı Olarak Kurumsal Ad Veya Yargı Alanı Adı Cumhuriyet Halk Partisi (CHP)
Genel Alt Bölüm Hukuk ve mevzuat
Kronolojik Alt Bölüm Yönetmelikler
610 ## - KONU KATMA GİRİŞ - TOPLANTI ADI
Giriş Elemanı Olarak Kurumsal Ad Veya Yargı Alanı Adı Cumhuriyet Halk Partisi (CHP)
Genel Alt Bölüm Yönetmelikler, 1993
651 ## - KONU KATMA GİRİŞ - COĞRAFİ ADI
Coğrafi İsim Türkiye
Genel Alt Bölümü Siyaset ve yönetim
Kronolojik Alt Bölümü 1993-1995
740 ## - KATMA GİRİŞ - KONTROLSUZ İLGİLİ / ANALİTİK BAŞLIK
Kontrol Edilmeyen / İlgili Analitik Başlıktaki 1993 Yerel Seçimler Aday Saptama Yönetmeliği
740 ## - KATMA GİRİŞ - KONTROLSUZ İLGİLİ / ANALİTİK BAŞLIK
Kontrol Edilmeyen / İlgili Analitik Başlıktaki 1993 İl ve İlçe Kongreleri ile Sandık Çevresi Sorumlusu ve İlçe Kongresi Üyeleri Seçimi Yönetmeliği
830 ## - SERİSİ EKLENDİ GİRİŞ - ÜNİFORM ADI
Üniforma Başlık CHP yönetmelikleri
942 ## - EKLENDİ GİRİŞ ELEMANLARI (KOHA)
Sınıflandırma Veya Raf Düzeni Kaynak Dewey Decimal Classification
Koha Öğesi Türü Books
999 ## - SİSTEM KONTROL NUMARALARI (KOHA)
Koha Biblionumber 8937
Koha Biblioitemnumber 8937
657 ## - INDEX SÜRE - İŞLEVİ
-- Cumhuriyet Halk Partisi yönetmeliği
657 ## - INDEX SÜRE - İŞLEVİ
-- CHP 1993 yönetmeliği
657 ## - INDEX SÜRE - İŞLEVİ
-- CHP yönetmelikleri
Holdings
Kalıcı Konum Mevcut Konum Edinme Tarihi Edinim Kaynak Toplam Check-Out'Lar Tam Çağrı Numarası Barkod Tarih Son Görülme İtibaren Geçerli Fiyatlar Sigara Kamu Notu Koha Öğesi Türü
CHP Kütüphanesi CHP Kütüphanesi 01/17/2017 Bağış   CHP 324.2372026 C36y 1993 011676 01/17/2017 01/17/2017 Özgün kitap Books